Normal view
MARC view
- Peacock, W .
Entry Personal Name
001 - CONTROL NUMBER
- control field: 1825
003 - CONTROL NUMBER IDENTIFIER
- control field: OSt
005 - DATE AND TIME OF LATEST TRANSACTION
- control field: 20161017104150.0
008 - FIXED-LENGTH DATA ELEMENTS
- fixed length control field: 161017|| aca||aabn | a|a d
040 ## - CATALOGING SOURCE
- Original cataloging agency: OSt
- Transcribing agency: OSt
100 ## - HEADING--PERSONAL NAME
- Personal name: Peacock, W .
670 ## - SOURCE DATA FOUND
- Source citation: Work cat.: (OSt)889: Peacock, W ., English Verse, vol - 4 / , 1964.
